00560nam a2200169 i 4500001000300000100002400003245006400027260005100091300003000142504003600172650001900208040000800227041000800235080000800243008004100251856009800292bg1 aGLASSER, Dent L. S. 0aCrystallography and its applications /cDent L. S. Glasser. aNew York :bVan Nostrand Reinhold Co,c[1977]. as. VII, 224 :brys., tab. a[Zawiera bibliogr. s. 211-214]. 9aKrystalografia cBPK apol a548 s pl f |000 0 pol  uhttp://koha.tu.koszalin.pl/cgi-bin/koha/opac-detail.pl?biblionumber=27799yKatalog online BPK